| 000 | 01119cab a22002055a 4500 | ||
|---|---|---|---|
| 001 | L141873 | ||
| 008 | 080104s2007 xxkd f s 000 0 eng d | ||
| 035 | _a(Sirsi) u141873 | ||
| 041 | _aeng | ||
| 110 | 2 |
_aHome Builders Federation _94896 |
|
| 245 |
_aHBF regional survey of house builders _bNovember 2007 |
||
| 260 | _c2007 | ||
| 490 |
_aHousing Market Report _v(187) October 2007, 7-11(5) |
||
| 520 | _aFinds that in November 2007, house builders reported reductions in both site visitors and net reservations compared with both November 2006 and October 2007. Once again, demand fell among all buyer categories: existing home owners, first-time buyers and buy-to-let investors. The net price of new homes fell for the third successive month and house builders continued to make significantly greater use of sales incentives. However, there is continued optimism that home sales will be higher in 2008 than in 2007. | ||
| 590 | _aKA | ||
| 650 | 2 | 4 | _aHBF REGIONAL SURVEY OF HOUSE BUILDERS |
| 651 | 4 |
_aEngland and Wales _y1543- |
|
| 690 | _aPROPERTY-RESIDENTIAL PROPERTY-RESIDENTIAL PROPERTY MARKET | ||
| 942 | _n0 | ||
| 999 |
_c79636 _d79636 |
||